Countries and Capitals Starting with M - Three Minute Run - Statistics

General Stats
  • This quiz has been taken 121 times
  • The average score is 22 of 37
Answer Stats
country / capital % Correct
Mexico
90%
Mexico City
90%
Mali
81%
Mauritania
77%
Malawi
75%
Mauritius
74%
Madrid
73%
Malaysia
73%
Monaco
72%
Monaco
72%
Montenegro
72%
Maldives
71%
Mozambique
71%
Madagascar
70%
Macedonia
69%
Mongolia
67%
Myanmar
65%
Malta
62%
Moldova
61%
Maputo
60%
Marshall Islands
60%
Morocco
60%
Moscow
59%
Malé
55%
Managua
53%
Montevideo
46%
Manama
44%
Minsk
41%
Monrovia
41%
Malabo
40%
Mogadishu
40%
Manila
39%
Maseru
37%
Majuro
36%
Mbabane
34%
Moroni
32%
Muscat
30%
No matching quizzes found
Score Distribution
Percent of People with Each Score
Percentile by Number Answered
Your Score History
You have not taken this quiz